| 000 | 00756 a2200181 4500 | ||
|---|---|---|---|
| 003 | Nust | ||
| 005 | 20221013171332.0 | ||
| 040 | _cNust | ||
| 082 | _a005.73,LIP | ||
| 100 |
_aLipschutz, Seymour _98529 |
||
| 245 |
_aSchaums Outline of Theory and Problems of data Structures / _cSeymour Lipschutz |
||
| 260 |
_aLahore _bJBD Press _c1986 |
||
| 300 | _a339 p.: | ||
| 505 | _aIntroduction (Page-1),Preliminaries (Page-17), String Processing (Page-41), Arrays, Records and Pointers (Page-67), Linked Lists (Page-114), Stacks, Queues, Recursion (Page-164), Trees (Page-214), Graphs and Their Applications (Page-277), Sorting and Searching (Page-318). | ||
| 600 |
_aSEYMOUR LIPSCHUTZ _9794 |
||
| 650 |
_aDATA STRUCTURES _9100142 |
||
| 942 |
_2ddc _cBK _k005.73,LIP |
||
| 999 |
_c179884 _d179884 |
||